| 000 | 00762nam a22002417a 4500 | ||
|---|---|---|---|
| 003 | UA-OsUOA | ||
| 001 | 45437 | ||
| 007 | ta | ||
| 008 | 20111011b un ||||| |||| 00| 0 ukr d | ||
| 090 |
_a82 _bХ91 |
||
| 942 | _cBK | ||
| 040 |
_aUA-OsUOA _brus _cUA-OsUOA _dUA-OsUOA |
||
| 245 |
_aХрестоматия по древней русской литературе XI-XVII веков _cсост. Н.К. Гудзий |
||
| 300 | _a543 с. | ||
| 955 | _a1 | ||
| 041 | _arus | ||
| 080 | _a82 | ||
| 260 |
_aМ. _c1962 |
||
| 250 | _nизд. седьмое | ||
| 650 | 7 |
_a82 Література. Літературознавство _2UDC |
|
| 999 |
_c425493 _d425493 |
||